[Event "Romanian-ch Open 2022"]
[Site "Eforie Nord"]
[Date "2022.02.22"]
[Round "3.9"]
[White "Dobre, Claudiu-Cristian"]
[Black "Nevednichy, Vladislav"]
[Result "1/2-1/2"]
[WhiteElo "2298"]
[BlackElo "2498"]
[Annotator "TA"]
[PlyCount "107"]
[EventDate "2022.02.20"]
[EventType "swiss"]
[EventCountry "ROU"]
[SourceTitle "playchess.com"]
[Source "ChessBase"]
[SourceQuality "1"]

{[%evp 13,107,0,-8,-26,-18,-31,-19,-19,-11,-35,-31,-31,-28,-20,-21,-29,-8,-10,-11,-54,-46,-48,-49,-101,-112,-108,-95,-90,-101,-94,-104,-96,-100,-91,-92,-97,-22,-64,-23,-28,-23,-26,-10,-8,-14,-2,0,-16,-18,-22,-15,-15,-15,-15,-16,-16,-14,-14,-14,-15,-8,-10,0,0,0,0,0,-18,-18,-80,-80,-80,0,0,0,0,0,0,0,0,0,0,0,0,0,0,0,0,0,0,0,0,0,0,0,0]} 1. c4 e5 2. Nc3 Bb4 3. Qc2 Nf6 4. Nf3 Nc6 5. e3 O-O 6. Nd5 Re8 7. Bd3 {[%cal Bf1d3,Bd3e4,Be4d5][%mdl 32]} g6 8. O-O {A28: English Opening: Four Knights Variation.} Bf8 {Strongly threatening ...Nxd5.} 9. a3 Bg7 10. Nxf6+ Qxf6 11. Be4 Qe7 12. b4 Nd8 13. Bb2 d6 {[#]} 14. Qc3 $146 ({Predecessor:} 14. Rfc1 c6 15. Ne1 f5 16. Bd3 Nf7 17. Bf1 Be6 18. Rd1 Rac8 19. Rac1 Red8 20. Qb1 {½-½ (52) Chandler,M (2535)-Hertneck,G (2595) Germany 1995}) 14... f5 15. Bd5+ Be6 16. d4 (16. Qc2 $11) 16... e4 $1 $15 {White must now prevent ...Bxd5.} 17. Nd2 c5 18. Qb3 (18. Nb3 $1 $15) 18... Bxd5 $17 19. cxd5 cxd4 20. Bxd4 Bxd4 21. exd4 Qf6 22. Qe3 Nf7 23. Rfe1 Kg7 24. Rac1 {[#]} f4 (24... Re7 $1 $17) 25. Qh3 (25. Qc3 Qf5 $17) (25. Qb3 $1 $11) 25... Qxd4 (25... e3 $1 $15 26. fxe3 fxe3 27. Rxe3 Qxd4) 26. Qc3 $11 Qxc3 27. Rxc3 Rac8 28. Rxc8 Rxc8 29. Nxe4 {[%mdl 4096] Endgame KRN-KRN} b5 30. f3 g5 31. a4 Rc4 32. axb5 Rxb4 33. Ra1 Rxb5 34. Rxa7 Rxd5 35. h4 gxh4 36. Kh2 Kg6 37. Kh3 Ng5+ 38. Kxh4 Nxe4 39. fxe4 {KR-KR} Rd4 40. Rd7 h5 {( -> ...Rd1)} 41. g4 (41. Rd8 $11) 41... fxg3 $17 (41... Rxe4 42. Rxd6+ Kg7 43. gxh5 $11) 42. Kxg3 {[#]} Kg5 ({Much worse is} 42... Rxe4 $6 43. Rxd6+ Kg5 44. Rd5+ Kh6 45. Rd6+ Kg5 46. Rd5+ Kh6 47. Rd6+ Kh7 48. Rd7+ Kg6 49. Rd6+ Kg7 50. Ra6 $11) ({Better is} 42... h4+ $1 $17 43. Kxh4 Kf6) 43. Kf3 $1 $11 {The position is equal.} h4 44. Rg7+ Kf6 45. Rh7 h3 46. Kf4 Rd3 47. Rh6+ Ke7 48. Kg4 Re3 49. Kf4 Ra3 50. Kg4 Ra4 51. Kf5 Ra5+ 52. Kg4 Ra4 53. Kf5 Ra5+ 54. Kg4 {Weighted Error Value: White=0.10 (very precise) /Black=0.07 (flawless)} 1/2-1/2

[Event "Romanian-ch Open 2022"]
[Site "Eforie Nord"]
[Date "2022.02.22"]
[Round "3.10"]
[White "Istratescu, Andrei"]
[Black "Patrascu, Catalin-Lucian"]
[Result "1/2-1/2"]
[WhiteElo "2470"]
[BlackElo "2310"]
[Annotator "TA"]
[PlyCount "61"]
[EventDate "2022.02.20"]
[EventType "swiss"]
[EventCountry "ROU"]
[SourceTitle "playchess.com"]
[Source "ChessBase"]
[SourceQuality "1"]

{[%evp 24,61,31,27,31,25,54,33,34,35,56,52,52,48,42,57,60,64,100,90,85,69,60,50,50,52,38,36,58,58,58,16,25,17,29,10,18,10,10,10]} 1. e4 c5 2. Nf3 e6 3. d4 cxd4 4. Nxd4 Nc6 5. Nc3 Qc7 6. g3 a6 7. Bg2 d6 8. O-O Bd7 9. Re1 Be7 10. Nxc6 Bxc6 11. a4 Nf6 12. a5 O-O 13. Be3 Rfe8 {[#] B47: Sicilian: Taimanov: 5 Nc3 Qc7 6 f4, 6 g3 and 6 Be2.} 14. Qd2 $146 ({Predecessor:} 14. Bb6 Qc8 15. Qd2 Nd7 16. Bd4 Qc7 17. b3 Rac8 18. Rec1 h6 19. h4 Bf6 20. Bxf6 Nxf6 21. Qd3 {0-1 (47) Sjugirov,S (2662)-Cori,J (2671) chess24.com INT 2020}) 14... Bf8 15. h3 Nd7 {White is slightly better.} 16. Na4 Rad8 17. Nb6 Nc5 18. Bd4 f5 19. exf5 Bxg2 20. Kxg2 Qc6+ 21. f3 {White is more active.} exf5 22. Rxe8 (22. Bf2 {seems wilder.} Nd7 23. Nd5 Re5 24. Rad1 Rde8 25. b3) 22... Rxe8 23. Re1 Rxe1 24. Qxe1 {Strongly threatening b4.} Kf7 $1 25. Qd2 {Threatens to win with Qg5.} Ne6 {Inhibits Qg5.} 26. Be3 Be7 27. Qd3 (27. c4 $14 {deserves consideration.}) 27... Qb5 $11 28. Qxb5 axb5 29. Nd5 Bd8 30. b4 Nc7 31. Nxc7 {Weighted Error Value: White=0.08 (flawless) /Black=0.06 (flawless)} 1/2-1/2

[Event "Romanian-ch Open 2022"]
[Site "Eforie Nord"]
[Date "2022.02.22"]
[Round "3.11"]
[White "Badea, Bela"]
[Black "Ciocani, Iosif"]
[Result "1/2-1/2"]
[WhiteElo "2413"]
[BlackElo "1876"]
[Annotator "TA"]
[PlyCount "87"]
[EventDate "2022.02.20"]
[EventType "swiss"]
[EventCountry "ROU"]
[SourceTitle "playchess.com"]
[Source "ChessBase"]
[SourceQuality "1"]

{[%evp 9,87,0,27,16,24,19,26,27,25,33,40,35,44,40,53,37,56,40,100,84,108,96,190,97,103,112,101,85,93,94,141,103,147,143,134,122,112,114,100,96,94,93,89,85,95,83,99,85,102,102,98,95,109,102,102,0,103,95,121,92,95,75,72,61,89,50,70,70,75,59,70,36,36,36,36,36,36,7,36,12]} 1. Nf3 Nf6 2. b3 g6 3. Bb2 Bg7 4. g3 b6 5. e4 {[%cal Be2e4,Be4e5][%mdl 32] [#]} c5 $146 ({Predecessor:} 5... d6 6. Bg2 Bb7 7. d3 O-O 8. c4 c5 9. Nc3 Nc6 10. O-O e6 11. Re1 Nd7 12. Rb1 {1-0 (41) Mamedov,R (2709)-Paravyan,D (2603) Moscow 2018}) 6. e5 {A05: Réti Opening: 1 Nf3 Nf6.} Nd5 7. Bg2 Bb7 8. O-O {White has an edge.} O-O 9. c4 Nb4 10. d4 cxd4 11. Bxd4 Qc7 12. Bc3 N4c6 {[%cal Rc6e5]} 13. Qe2 (13. Re1 $5 {[%cal Rc3b2]}) 13... a6 ({Better is} 13... Na6 $1 $14) 14. Rd1 $36 {[%mdl 2048] White is on the roll.} Rd8 15. Bb2 a5 (15... e6 $16 {keeps fighting.}) 16. Na3 (16. Nc3 $18) 16... Na6 17. Nb5 Qb8 18. Rab1 {White is much more active.} Nc5 19. Ba1 Ba6 ({Black should try} 19... Re8) 20. Nc3 Nxe5 ({Black should play} 20... Re8) 21. Nxe5 Qxe5 22. Qxe5 Bxe5 23. Bxa8 Bxc3 24. Bxc3 Rxa8 25. Bd4 {[#] Hoping for Bxc5.} d6 26. f3 Bb7 27. Kf2 Bc6 28. Rd2 f5 29. Be3 Kf7 30. h3 Kf6 31. Bd4+ Kf7 32. Be3 Kf6 $1 33. g4 Rf8 34. g5+ Kf7 35. a3 Nd7 36. Kg3 Ra8 37. h4 Ne5 38. f4 Nd7 39. Kh2 h5 40. gxh6 Rh8 41. b4 Rxh6 42. Kh3 Rh8 43. Bd4 Ra8 44. Ra1 {White really could win this.  Weighted Error Value: White=0.13 (very precise) /Black=0.13 (very precise)} (44. b5 $5 {[%cal Rb5c6]} Be4 45. Rc1 $11) 1/2-1/2

[Event "Romanian-ch Open 2022"]
[Site "Eforie Nord"]
[Date "2022.02.22"]
[Round "3.12"]
[White "Creanga, Robert-Ionut"]
[Black "Anton, Teodor"]
[Result "1-0"]
[WhiteElo "2115"]
[BlackElo "2457"]
[Annotator "RC"]
[PlyCount "53"]
[EventDate "2022.02.20"]
[EventType "swiss"]
[EventCountry "ROU"]
[SourceTitle "playchess.com"]
[Source "ChessBase"]
[SourceQuality "1"]
[TimeControl "40/5400+30:900+30"]

1. d4 {[%emt 1:31:00]} Nf6 {[%emt 0:00:56]} 2. c4 {[%emt 0:00:00]} e6 {[%emt 0:01:02]} 3. Nc3 {[%emt 0:00:00]} Bb4 {[%emt 0:01:24]} 4. Qc2 {[%emt 0:00:00]} b6 {[%emt 0:00:18]} 5. e4 {[%emt 0:00:00]} Bb7 {[%emt 0:01:17]} 6. Bd3 {[%emt 0:00:00]} Bxc3+ {[%emt 0:00:51]} 7. bxc3 {[%emt 0:00:00]} d6 {[%emt 0:00:11]} 8. Ne2 {[%emt 0:00:00]} Nbd7 {[%emt 0:01:08]} 9. O-O {[%emt 0:00:00]} e5 {[%emt 0:01:06]} 10. f4 {[%emt 0:00:00]} Qe7 {[%emt 0:02:38]} 11. Ng3 {[%emt 0:00:00]} O-O-O {[%emt 0:04:35]} 12. fxe5 {[%emt 0:00:00]} dxe5 {[%emt 0:00:15]} 13. Nf5 {[%emt 0:00:00]} Qf8 {[%emt 0:01:14]} 14. c5 bxc5 {[%emt 0:09:19]} 15. Ba3 {[%emt 0:00:00]} g6 {[%emt 0:01:29]} 16. Ne3 {[%emt 0:00:00]} Qh6 {[%emt 0:00:34]} 17. Bc1 {[%emt 0:00:00]} Qh5 {[%emt 0:11:03]} 18. d5 {[%emt 0:00:00]} Ne8 {[%emt 0:09:55]} 19. Nc4 {[%emt 0:00:00]} Nd6 {[%emt 0:14:54]} 20. Nxd6+ {[%emt 0:00:00]} cxd6 {[%emt 0:00:07]} 21. Rb1 {[%emt 0:00:00]} Nb6 {[%emt 0:10:20]} 22. a4 {[%emt 0:00:00]} Kc7 {[%emt 0:02:18]} 23. a5 {[%emt 0:00:00]} Nd7 {[%emt 0:00:14]} 24. Rxb7+ {[%emt 0:00:00]} Kxb7 {[%emt 0:00:05]} 25. Qa4 {[%emt 0:00:00]} Nb8 {[%emt 0:02:33]} 26. Rxf7+ {[%emt 0:00:00]} Ka8 {[%emt 0:00:33]} 27. Ba6 {[%emt 0:00:00]} 1-0

[Event "Romanian-ch Open 2022"]
[Site "Eforie Nord"]
[Date "2022.02.22"]
[Round "3.13"]
[White "Doncea, Vladimir"]
[Black "Ignat, Matei-Marius"]
[Result "1-0"]
[WhiteElo "2367"]
[BlackElo "2053"]
[Annotator "TA"]
[PlyCount "95"]
[EventDate "2022.02.20"]
[EventType "swiss"]
[EventCountry "ROU"]
[SourceTitle "playchess.com"]
[Source "ChessBase"]
[SourceQuality "1"]

{[%evp 9,95,-8,-6,-18,-12,-14,-9,-14,-11,-10,2,-27,-11,-10,-6,-16,-15,-26,-25,-34,-27,-29,-17,-29,-11,-10,-24,-30,-13,-22,-2,-10,-25,-12,0,0,0,0,6,0,12,15,25,0,0,0,225,213,217,222,212,188,190,0,268,268,254,224,391,379,414,414,420,404,399,416,414,414,400,378,344,293,414,414,392,399,392,389,382,375,382,370,343,334,308,308,358,326]} 1. b4 Nf6 2. Bb2 e6 3. a3 b6 4. Nf3 Bb7 5. e3 Be7 6. Be2 {A00: Irregular Openings.} O-O 7. O-O c5 8. b5 {The position is equal.} d5 9. c4 Nbd7 10. d4 Qc7 {[#]} 11. cxd5 $146 ({Predecessor:} 11. Nbd2 Rfd8 12. Qc2 Rac8 13. Rac1 a5 14. a4 cxd4 15. Nxd4 Nc5 16. h3 Nfe4 17. Nxe4 dxe4 {½-½ (27) Paulsen,H (1736)-Albers,F (1820) Hamburg 2018}) 11... exd5 12. dxc5 bxc5 13. Nbd2 a6 14. a4 axb5 (14... Ne8 {is interesting.} 15. Qc2 axb5 16. Bxb5 Nd6 17. Bd3 Nf6) 15. axb5 Rxa1 16. Qxa1 Qb6 17. Qb1 Ra8 18. Qf5 Qe6 19. Qc2 h6 20. Ra1 Rxa1+ 21. Bxa1 Qd6 22. Bc3 Nf8 23. Qa4 Qb8 {Inhibits Qa7.} 24. Nb3 Ne6 25. Na5 Ne4 26. Be5 Qa7 27. Qa1 Bd8 $2 {[#]} (27... Ba8 $11 {and Black has nothing to worry.}) 28. Nxb7 $18 Qxb7 29. Qa6 Qb6 30. Qa8 Nd6 31. Qa6 $2 {[#]} (31. Qxd5 $18 Nxb5 32. Qd7) 31... Nc4 {[%mdl 8192]} (31... Ne4 $1 $11) 32. Bxc4 dxc4 33. Nd2 Qa5 $2 (33... f6) 34. Qxa5 Bxa5 35. Nxc4 Bc7 36. Bxc7 Nxc7 {[%mdl 4096] Endgame KN-KN} 37. b6 Na6 38. Na5 Nb8 39. Kf1 Kf8 40. Nb3 c4 (40... Ke7 $142 41. Nxc5 Kd6) 41. Na5 c3 42. Ke2 Ke7 43. Kd3 Kd6 44. Kxc3 Kc5 45. Nb7+ Kxb6 46. Nd6 Kc5 47. Nxf7 Nc6 48. e4 {Weighted Error Value: White=0.09 (flawless) /Black=0.35} 1-0

[Event "Romanian-ch Open 2022"]
[Site "Eforie Nord"]
[Date "2022.02.22"]
[Round "3.14"]
[White "Veress, Armand"]
[Black "Secheres, Adrian-Simion"]
[Result "0-1"]
[WhiteElo "2034"]
[BlackElo "2363"]
[Annotator "TA"]
[PlyCount "106"]
[EventDate "2022.02.20"]
[EventType "swiss"]
[EventCountry "ROU"]
[SourceTitle "playchess.com"]
[Source "ChessBase"]
[SourceQuality "1"]

{[%evp 10,106,0,0,0,-6,0,0,0,-29,0,0,11,4,12,0,0,0,-13,-14,-14,-14,-20,-16,33,22,42,14,19,11,12,20,31,0,8,24,14,0,0,0,0,-14,0,-23,-18,-40,-12,-35,0,0,0,0,0,-11,-13,-16,-16,-16,-15,-59,-45,-33,0,-11,-9,-217,-89,-442,-975,-975,-851,-29978,-29979,-29979,-29980,-29980,-29981,-29981,-29982,-29982,-29983,-29983,-29984,-29984,-29985,-29985,-29986,-29996,-29997,-29997,-29987,-29987,-29988,-29988,-29989,-29989,-29990,-29989,-29990]} 1. e4 e5 2. Bc4 Nf6 3. Nc3 Nxe4 4. Qh5 Nd6 5. Bb3 Be7 6. Qxe5 O-O {C27: Vienna Game: 2...Nf6 3 Bc4 Nxe4.} 7. d3 Nc6 8. Qf4 Na5 {[#] The position is equal.} 9. Nge2 $146 ({Predecessor:} 9. Nf3 Nxb3 10. axb3 b6 11. O-O Bb7 12. Bd2 Bf6 13. Rfe1 a5 14. d4 Bxf3 15. Qxf3 Bxd4 16. Bf4 Bxc3 17. Qxc3 Rc8 18. Rad1 Re8 19. Rxe8+ Nxe8 20. Qh3 Nd6 21. c3 {½-½ (21) De Smet,K (2242)-Kutlu,H (2105) ICCF email 2015}) 9... Nxb3 (9... c6 {keeps more tension.} 10. Nd4 g6 11. h4 Ne8 12. h5 Nxb3 13. axb3 d5) 10. axb3 Ne8 11. Nd5 Bd6 12. Qf3 c6 13. Ne3 Bc7 14. Bd2 {[%cal Bc1d2,Bd2c3,Bc3d4][%mdl 32]} d5 15. O-O Qd6 {[%csl Gc7][%cal Rd6h2]} 16. g3 f5 (16... Qf6 $11 17. Qh5 Nd6) 17. Ng2 Qf6 {[%cal Of5f4]} 18. Bc3 Qf7 19. h4 Nf6 20. Nef4 Ng4 21. Bd4 (21. Rfe1 $5 {[%cal Rc3b4]}) 21... b6 22. Rfe1 Bd7 23. c4 dxc4 24. bxc4 a5 25. Bc3 Bd6 26. Nh3 h6 {To avoid Ng5} 27. Ngf4 Rfe8 28. h5 Rxe1+ (28... Ne5 $5 {[%cal Re5f3]} 29. Qg2 Rab8 $11) 29. Rxe1 Re8 30. Rxe8+ Bxe8 31. Ng6 a4 32. Nhf4 b5 33. cxb5 $1 cxb5 {[%cal Bc6b5,Bb5b4][%mdl 32]} 34. Qa8 (34. Nd5 $11 {feels stronger.}) 34... b4 $1 $15 35. Bd4 Qd7 36. Nd5 Kh7 37. f3 $2 {[#] Black keeps a firm grip on the game.} (37. Nb6 $11 Qe6 38. Nc4 Bxg6 39. hxg6+ Qxg6 40. Qxa4) 37... Qc6 (37... Qe6 $1 $19 {[%cal Re6e1] has better winning chances. ( -> ...Qe1+)} 38. Kf1 Nh2+ 39. Kf2 Bxg6 40. hxg6+ Qxg6) 38. Qa7 $2 {[%mdl 8192]} (38. Qxc6 $17 {nothing else works.} Bxc6 39. Nde7 (39. Nge7 Bxd5 40. Nxd5 Ne5 $19) 39... Bxe7 40. Nxe7 Bxf3 41. Nxf5) 38... Qc1+ $19 39. Kg2 Qd2+ 40. Kg1 Qe1+ {Black mates.} 41. Kg2 Qxg3+ 42. Kf1 Qxf3+ 43. Ke1 {[#]} Bg3+ $1 44. Kd2 Qg2+ 45. Kc1 Qf1+ 46. Kc2 Qe2+ 47. Kb1 Qxd3+ 48. Kc1 Qf1+ 49. Kc2 Qe2+ 50. Kb1 Qd1+ 51. Ka2 b3+ 52. Ka3 Bd6+ 53. Bc5 Qxd5 {Weighted Error Value: White=0.46/Black=0.09 (flawless)} 0-1

[Event "Romanian-ch Open 2022"]
[Site "Eforie Nord"]
[Date "2022.02.22"]
[Round "3.15"]
[White "Mintau, Andrei-Catalin"]
[Black "Vajda, Albert"]
[Result "1/2-1/2"]
[WhiteElo "2029"]
[BlackElo "2351"]
[Annotator "TA"]
[PlyCount "101"]
[EventDate "2022.02.20"]
[EventType "swiss"]
[EventCountry "ROU"]
[SourceTitle "playchess.com"]
[Source "ChessBase"]
[SourceQuality "1"]

{[%evp 14,101,0,-42,29,0,52,15,65,68,88,42,104,72,121,120,136,108,100,116,102,79,89,102,128,130,135,91,120,120,127,89,95,45,45,30,40,22,45,8,3,2,11,9,6,18,28,8,7,8,8,8,8,9,189,197,174,75,69,93,193,181,172,0,0,0,0,0,0,0,0,0,0,0,0,0,13,14,14,14,14,-8,-8,-8,-8,-8,-8,-8,-8,-8]} 1. e4 e5 2. Nf3 Nc6 3. d4 exd4 4. Nxd4 Nf6 5. Nxc6 bxc6 6. e5 Qe7 7. Qe2 Nd5 8. g3 (8. c4 $11 {was preferrable.} Ba6 9. Nd2) 8... a5 {C45: Scotch Game.} (8... g6 $15) 9. c4 Ba6 (9... Nb6 $1 $11) 10. b3 Nb6 {[#]} (10... Qb4+ 11. Bd2 Qb6 12. Qe4 $16) (10... Qe6 $11) 11. Bh3 $146 ({Predecessor:} 11. Ba3 Qe6 12. Bxf8 Rxf8 13. Bg2 f6 14. O-O Qxe5 15. Qxe5+ fxe5 16. Re1 O-O-O 17. Rxe5 {½-½ (45) Espinoza,J (2117)-Pilarte,R (2096) Managua 2021}) 11... h5 12. Nd2 (12. O-O $16) 12... O-O-O (12... h4 $14) 13. Nf3 Re8 {[#]} (13... h4 $142) 14. O-O $1 $16 h4 15. Nxh4 {White is more active.} Qxe5 16. Qxe5 Rxe5 17. Bg4 Bc5 18. Bb2 Rg5 19. h3 f6 {[%cal Og5g4]} 20. Kg2 (20. Rfc1 $142) 20... Rxg4 21. hxg4 d5 22. Rfc1 {Strongly threatening cxd5.} dxc4 23. Rc2 ({Better is} 23. Nf5 $16) 23... Rd8 24. Nf5 Bf8 25. Nd4 Re8 {Inhibits Ne6.} 26. Rac1 {[%cal Rb3c4]} (26. Nxc6 $2 Bb7 27. Kg1 Bxc6 $19) 26... c5 27. Nf5 {[%cal Rb3c4]} Bb7+ 28. Kg1 cxb3 $1 29. axb3 Nd5 30. Rd2 {[%cal Og4g5]} g6 31. Nh4 Bh6 32. f4 $36 {[%mdl 2048] White fights for an advantage.} Re3 {[%csl LRb3,LRg3]} 33. Kf2 Rxb3 $2 (33... Rxg3 $1 $11 {and Black is okay.} 34. g5 (34. Rxd5 Rxg4 35. Rd3 Rxh4 $11) 34... fxg5 35. Kxg3 gxh4+ 36. Kxh4 Bxf4) 34. Nxg6 $18 ({Not} 34. Rxc5 Bf8 35. Rxa5 Ne3 $15) 34... Ne3 35. Rxc5 (35. Ne7+ $18 Kb8 36. Rc3 Nxg4+ 37. Ke1) 35... Nxg4+ $16 36. Ke1 {And now Ne7+ would win. Dancing on a razor blade.} Be4 (36... Re3+ $16 {keeps fighting.} 37. Re2 Rxg3) 37. Ne7+ $18 Kb7 {[#]} 38. Nd5 $2 ({Weaker is} 38. Rxa5 Bf8 39. Ra4 Bxe7 40. Rxe4 Bb4 41. Rxb4+ Rxb4 $11) ({White should play} 38. Bc3 $1 $18) 38... Rxg3 $11 {The position is equal.} 39. Bd4 Bxd5 40. Rxd5 Bxf4 41. Rb2+ Kc8 42. Rxa5 Kd7 43. Re2 Rf3 44. Rg2 Bg3+ 45. Ke2 Rb3 46. Rf5 {aiming for Rf3.} Ra3 47. Bxf6 Ra2+ 48. Kf3 Rxg2 49. Kxg2 Ne3+ 50. Kxg3 Nxf5+ 51. Kf4 {Weighted Error Value: White=0.20 (precise) /Black=0.19 (very precise)} 1/2-1/2

[Event "Romanian-ch Open 2022"]
[Site "Eforie Nord"]
[Date "2022.02.22"]
[Round "3.16"]
[White "Coicev, Matei-Andrei"]
[Black "Antonica, Dragos-Andrei"]
[Result "0-1"]
[WhiteElo "1970"]
[BlackElo "2350"]
[Annotator "TA"]
[PlyCount "82"]
[EventDate "2022.02.20"]
[EventType "swiss"]
[EventCountry "ROU"]
[SourceTitle "playchess.com"]
[Source "ChessBase"]
[SourceQuality "1"]

{[%evp 9,82,11,13,6,10,-3,0,-4,0,-24,-7,-12,-33,-33,0,0,21,-59,0,0,-11,-43,-43,-78,-32,-33,-25,-245,-240,-277,-149,-147,-145,-208,-218,-214,-213,-223,-221,-208,-210,-212,-208,-286,-249,-220,-224,-249,-220,-221,-222,-372,-377,-360,-217,-306,-298,-285,-278,-270,-263,-500,-498,-1571,-1793,-1145,-1095,-1000,-987,-29957,-29951,-874,-858,-5285,-801]} 1. e4 d5 2. exd5 Qxd5 3. Nc3 Qd8 4. g3 Nf6 5. Bg2 Nc6 6. Nge2 {B01: Scandinavian Defence.} e5 {To avoid d4} 7. O-O Bc5 8. d3 {The position is equal.} (8. Na4 $5 {[%cal Ra4c5]} Bd6 9. d3 $11) 8... h6 9. h3 {[#]} Be6 $146 ({Predecessor:} 9... O-O 10. Kh2 Re8 11. f4 exf4 12. Nxf4 Nd4 13. Ne4 Be7 14. Be3 c6 15. c3 Nf5 {1-0 (55) Olcum,A (2188)-Gurel,A (1963) Mersin 2016}) 10. Kh2 Qd7 11. a3 O-O-O 12. b4 Be7 13. Be3 (13. b5 $11 Nd4 14. f4) 13... Nd5 (13... Kb8 $15 {deserves consideration.}) 14. Nxd5 $11 Bxd5 15. Bxd5 (15. f3 $5 {[%cal Rb4b5]}) 15... Qxd5 16. Nc3 Qe6 {Black is more active.} (16... Qd7 $17) 17. Qf3 f5 18. Rfe1 $2 {[#] White does not recover from this.} (18. b5 $1 $11 {and White is okay.} Nd4 19. Bxd4 Rxd4 20. Rfe1) 18... Bf6 $1 $19 {[%cal Oe5e4]} 19. Bc5 Rhe8 (19... b6 $19 20. b5 {[#]} e4 $1 21. Nxe4 (21. dxe4 $2 Ne5 $19) 21... fxe4 22. Rxe4 Qd5) 20. Rad1 $17 b6 21. b5 {[#]} (21. d4 $17 e4 22. Qe2 Bxd4 23. Bxd4 Rxd4 24. b5 Rxd1 25. Rxd1) 21... e4 $1 $19 22. dxe4 Rxd1 23. Rxd1 Ne5 (23... fxe4 24. Qe3 Qc4 25. Qe2 (25. Qd2 $2 Rd8 $19) 25... Qxc5 26. bxc6 Qxc6 27. Qa6+ Kb8 28. Nb5 $17) 24. Qg2 bxc5 25. exf5 {[%cal Rg2a8]} Qb6 26. Qa8+ Qb8 27. Qe4 Qb7 {And now ...Nf3+ would win.} 28. Rd5 {[#]} Nf3+ $1 {[%mdl 512]} 29. Qxf3 {Hoping for Qh5.} Bxc3 30. Qd3 (30. Kg2 $142) 30... Bd4 31. c4 a6 ({Not} 31... Bxf2 32. f6 Bd4 33. f7 $11) 32. a4 (32. f6 {is a better defense.} Bxf6 33. Rxc5) 32... axb5 ({Don't take} 32... Bxf2 33. f6 Bd4 34. f7 $18) 33. axb5 Qa8 ({Worse is} 33... Bxf2 34. f6 Bd4 35. f7 $11) 34. f6 gxf6 {Strongly threatening ...Qa2.} 35. Qg6 $2 (35. b6 Qc6 36. bxc7) 35... Kb7 {[%cal Oa8a2] Threatens to win with ...Qa2!} 36. Qf7 {[#]} (36. h4 $142 Re2 37. Kh3) 36... Qa2 $1 {[%mdl 512]} 37. Rf5 Re2 38. Qd5+ Ka7 39. h4 Rxf2+ 40. Rxf2 Qxf2+ 41. Kh3 f5 {Weighted Error Value: White=0.92/Black=0.12 (very precise)} 0-1